[Event "Fall Chess Classic-B 2019"]
[Site "Saint Louis"]
[Date "2019.09.10"]
[Round "1.1"]
[White "Grigoryan, Avetik"]
[Black "Zierk, Steven"]
[Result "0-1"]
[WhiteElo "2568"]
[BlackElo "2517"]
[Annotator "RC"]
[PlyCount "96"]
[EventDate "2019.09.10"]
[EventType "tourn"]
[EventCountry "USA"]
[SourceTitle "playchess.com"]
[Source "ChessBase"]
[SourceQuality "1"]
[TimeControl "40/5400+30:1800+30"]

1. Nf3 {[%emt 0:00:00]} Nf6 {[%emt 0:00:00]} 2. g3 {[%emt 0:00:50]} b6 {[%emt 0:00:48]} 3. Bg2 {[%emt 0:00:23]} Bb7 {[%emt 0:00:05]} 4. O-O {[%emt 0:00:29]} g6 {[%emt 0:00:06]} 5. d4 {[%emt 0:01:51]} Bg7 {[%emt 0:00:07]} 6. c4 {[%emt 0:00:21]} O-O {[%emt 0:00:17]} 7. d5 {[%emt 0:05:10]} e6 {[%emt 0:13:26]} 8. Nc3 {[%emt 0:00:28]} exd5 {[%emt 0:00:38]} 9. cxd5 {[%emt 0:00:09]} Re8 {[%emt 0:01:22]} 10. Bf4 {[%emt 0:03:40]} Na6 {[%emt 0:06:24]} 11. Rc1 {[%emt 0:07:57]} c6 {[%emt 0:09:11]} 12. a3 {[%emt 0:15:16]} Nxd5 {[%emt 0:06:05]} 13. Nxd5 {[%emt 0:00:27]} cxd5 {[%emt 0:00:03]} 14. b4 {[%emt 0:03:34]} d6 {[%emt 0:02:52]} 15. Qd2 {[%emt 0:17:54]} Nc7 {[%emt 0:07:20]} 16. Rfd1 {[%emt 0:09:53]} Ne6 {[%emt 0:08:30]} 17. Bh6 {[%emt 0:00:05]} Bf6 {[%emt 0:02:18]} 18. Be3 {[%emt 0:01:46]} Rc8 {[%emt 0:05:26]} 19. Rxc8 {[%emt 0:02:53]} Qxc8 {[%emt 0:00:16]} 20. h4 {[%emt 0:00:37]} Qd7 {[%emt 0:08:16]} 21. Qd3 {[%emt 0:15:05]} Rc8 {[%emt 0:03:54]} 22. Bd4 {[%emt 0:00:06]} Nxd4 {[%emt 0:01:00]} 23. Nxd4 {[%emt 0:00:05]} Qa4 {[%emt 0:03:41]} 24. h5 {[%emt 0:05:58]} Rc3 {[%emt 0:06:46]} 25. Qd2 {[%emt 0:00:01]} Rxa3 {[%emt 0:00:41]} 26. Kh2 {[%emt 0:00:01]} Ra2 {[%emt 0:03:15]} 27. Qf4 {[%emt 0:01:28]} Be5 28. Qh4 {[%emt 0:00:11]} Qe8 {[%emt 0:04:36]} 29. Bf3 {[%emt 0:00:22]} Rb2 {[%emt 0:01:07]} 30. b5 {[%emt 0:00:30]} Rb4 {[%emt 0:02:10]} 31. e3 {[%emt 0:00:17]} Rb2 {[%emt 0:01:56]} 32. Kg2 {[%emt 0:00:06]} Bg7 {[%emt 0:00:46]} 33. Rc1 {[%emt 0:01:31]} Qxe3 {[%emt 0:00:45]} 34. Rc2 {[%emt 0:02:18]} Rxc2 {[%emt 0:01:02]} 35. Qd8+ {[%emt 0:00:16]} Bf8 {[%emt 0:00:01]} 36. Nxc2 {[%emt 0:00:04]} Qc5 {[%emt 0:00:37]} 37. hxg6 {[%emt 0:00:30]} hxg6 {[%emt 0:00:24]} 38. Nd4 {[%emt 0:00:54]} Qc8 {[%emt 0:01:02]} 39. Qg5 {[%emt 0:00:20]} a6 {[%emt 0:01:39]} 40. Nc6 {[%emt 0:00:00]} axb5 {[%emt 0:00:00]} 41. Nd8 {[%emt 0:05:35]} Ba8 {[%emt 0:03:11]} 42. Bg4 {[%emt 0:05:31]} d4+ {[%emt 0:02:13]} 43. Kh2 {[%emt 0:02:54]} Qc7 {[%emt 0:01:32]} 44. Be6 {[%emt 0:00:16]} fxe6 {[%emt 0:00:35]} 45. Qxg6+ {[%emt 0:00:06]} Qg7 {[%emt 0:00:43]} 46. Qxe6+ {[%emt 0:00:05]} Kh7 {[%emt 0:00:22]} 47. Qf5+ {[%emt 0:00:20]} Qg6 {[%emt 0:00:10]} 48. Qxf8 {[%emt 0:00:32]} Qh5+ {[%emt 0:00:07]} 0-1

[Event "Fall Chess Classic-B 2019"]
[Site "Saint Louis"]
[Date "2019.09.10"]
[Round "1.2"]
[White "Petrosyan, Manuel"]
[Black "Fier, Alexandr"]
[Result "1-0"]
[WhiteElo "2613"]
[BlackElo "2549"]
[Annotator "TA"]
[PlyCount "109"]
[EventDate "2019.09.10"]
[EventType "tourn"]
[EventCountry "USA"]
[SourceTitle "playchess.com"]
[Source "ChessBase"]
[SourceQuality "1"]

{[%evp 15,109,8,8,15,16,10,12,13,10,8,31,11,8,33,33,5,5,0,3,12,12,12,13,9,9,10,10,12,10,9,10,6,6,6,6,0,0,0,12,0,0,0,0,0,11,14,5,8,163,171,168,176,274,270,262,154,183,195,190,171,167,172,178,164,171,162,145,145,252,247,251,237,237,231,223,224,222,220,329,327,339,342,342,340,342,330,393,357,641,601,577,450,893,873,5933,5407]} 1. c4 Nf6 2. Nc3 g6 3. g3 Bg7 4. Bg2 O-O 5. d4 d6 6. Nf3 c5 7. dxc5 dxc5 8. Qxd8 Rxd8 9. Be3 {E64: King's Indian: Fianchetto: 6...c5 7 d5} (9. Ne5 Ne8 10. Nd3 Nd6 11. Bf4 Na6 12. Rc1 Bf5 13. O-O Bxd3 14. exd3 Nb4 15. Rfd1 Rac8 16. a3 Nc6 17. Bxd6 Rxd6 {½-½ (131) Vidit,S (2695)-Carlsen,M (2835) Wijk aan Zee 2019}) 9... Nc6 10. Bxc5 Be6 11. Nd2 {The position is equal.} Nd7 12. Be3 Nb6 13. Rc1 Nxc4 14. Nxc4 Bxc4 15. Bxc6 bxc6 16. b3 Bxc3+ $146 ({Predecessor:} 16... Bb5) 17. Rxc3 Bd5 18. f3 a5 19. Kf2 a4 20. bxa4 Rxa4 21. a3 Bc4 22. Bc5 Rd7 23. Rhc1 Bb5 24. Re3 Kf8 25. g4 f6 26. Bb4 Kf7 27. h4 Raa7 28. Re4 h5 29. g5 Rab7 30. gxf6 exf6 31. Rf4 {Black must now prevent a4!} Rd5 $2 {[#]} (31... Ra7 $1 $11) 32. a4 $1 $18 {[%cal Ra4b5][%mdl 512]} Bxa4 33. Bc3 $1 {[%csl LRa4,LRf6]} Bd1 (33... Rd1 $142 34. Rxd1 (34. Bxf6 Rxc1 35. Bb2+ Ke6 $14) (34. Rxf6+ Ke8 $18) 34... Bxd1) 34. Rxf6+ {[%mdl 64] Double Attack} Ke8 {Black hopes to continue with ...Re7.} 35. Ke1 (35. Rxc6 $6 Re7 $18) (35. Rxg6 $18 {And now Ra1 would win.} Re7 36. e3 (36. Rxc6 Rxe2+ 37. Kg3 Re3 $11)) 35... Bb3 36. Rxg6 Rc5 37. Bd2 Rxc1+ 38. Bxc1 {[%mdl 4096] Endgame KRB-KRB} Rb4 39. Bg5 ({Don't take} 39. Rxc6 Rxh4 40. Bg5 Rh1+ 41. Kf2 Rh2+ 42. Kf1 Kd7 $16) 39... c5 40. Rc6 Rb5 41. Rc7 Ba4 (41... c4 $16 42. e4 Re5) 42. Kf2 Bd1 43. Re7+ Kf8 44. Re5 Kf7 45. Be3 Rb4 46. Rd5 ({Don't play} 46. Bxc5 $6 Rxh4 47. Rd5 Bb3 $16) 46... Bb3 (46... Ba4 {might work better.} 47. Rxh5 c4) 47. Rxh5 c4 48. Rc5 Bd1 {Now ...Rb2 and Black clings on.} 49. Ke1 Ba4 50. h5 Rb1+ 51. Kf2 Rh1 $2 (51... Rb7 52. Rxc4 Bb3) 52. Rc7+ {White is clearly winning.} Ke6 53. h6 Bd1 (53... Rh4 $142 54. Bg5 Rh5 55. Rxc4 Bd1 56. Rc6+ Kf7 57. Rc7+ Kg8 58. Rg7+ Kh8) 54. Rxc4 Kf5 55. Kg2 {Accuracy: White = 79%, Black = 47%.} 1-0

[Event "Fall Chess Classic-B 2019"]
[Site "Saint Louis"]
[Date "2019.09.10"]
[Round "1.3"]
[White "Shtembuliak, Evgeny"]
[Black "Hambleton, Aman"]
[Result "1-0"]
[WhiteElo "2548"]
[BlackElo "2492"]
[Annotator "TA"]
[PlyCount "131"]
[EventDate "2019.09.10"]
[EventType "tourn"]
[EventCountry "USA"]
[SourceTitle "playchess.com"]
[Source "ChessBase"]
[SourceQuality "1"]

{[%evp 9,131,22,21,22,19,20,23,0,16,15,24,16,16,10,11,0,20,22,17,11,13,7,12,0,5,5,11,0,0,0,29,0,0,9,9,0,23,0,4,18,29,31,36,29,28,28,28,28,58,28,120,133,267,249,176,155,222,220,194,0,344,343,566,576,575,575,564,563,562,541,718,710,674,609,786,329,893,834,29954,8803,6629,29953,2038,6327,29956,29964,1405,9108,4814,29955,29956,29969,29964,29965,5614,277,695,0,29970,29971,29972,29971,29954,29965,29961,6889,5591,4842,29971,29970,29968,29970,7150,6889,29973,29973,29988,29980,29980,29981,29980,29980,29990,29990]} 1. c4 e5 2. Nc3 Bb4 3. Nd5 Bc5 4. e3 Nf6 5. b4 Be7 6. Nxe7 {A21: English Opening: 1...e5 2 Nc3} Qxe7 7. Bb2 O-O 8. Nf3 {White has an edge.} d6 9. d3 Bg4 $146 ({Predecessor:} 9... b6 10. Be2 Bb7 11. O-O Nbd7 12. Nd2 h6 {0-1 (45) Caruana,F (2808)-Bacrot,E (2708) Paris 2017}) 10. Be2 a5 11. b5 Nbd7 12. h3 Bxf3 13. Bxf3 e4 14. Be2 exd3 15. Bxd3 Ne4 16. O-O Rae8 17. Rc1 Ndc5 18. Bb1 f5 19. Qd5+ Kh8 20. Bd4 {Black should prevent Bxe4.} Rc8 {...c6 is the strong threat.} 21. Bxe4 c6 $1 {[%cal Rc6d5]} 22. bxc6 bxc6 23. Qxc6 (23. Qxf5 {is more complex.} Rxf5 24. Bxf5 Rf8 25. Bb1 Na4 26. Bc2) 23... Rxc6 24. Bxc6 Qc7 25. Bf3 Rb8 26. Rb1 Rxb1 27. Rxb1 h6 28. Bd5 a4 29. h4 Kh7 (29... h5 $11 {keeps the balance.}) 30. h5 $16 a3 (30... Qc8 $16) 31. g3 $18 Qc8 32. Bf7 Kh8 (32... Qc7 $16 33. Bg6+ {[%mdl 64] Double Attack} Kg8) 33. Bg6 Kg8 {[#]} 34. Rb6 $2 ({Only move:} 34. Bxc5 $1 $18 dxc5 35. Rb3) 34... Kf8 $2 {[%mdl 8192]} (34... Ne6 $1 $11) 35. Rxd6 {Black must now prevent Bxc5.} Ne4 $2 (35... Ke7 {keeps fighting.} 36. Rd5 Nd3 37. Bxf5 Qxc4) 36. Rd5 Qxc4 37. Rxf5+ Nf6 38. Bc5+ Kg8 39. Bxa3 Qxa2 {Hoping for ...Qa1+.} 40. Ra5 {Threatening mate with Ra8+.} Kh8 41. Kg2 Qc4 {[#]} 42. e4 $1 Ng8 $2 (42... Qc6 43. Re5 Qc3) (42... Nxe4 43. Ra8+) 43. Bf5 Qc3 44. Ra8 Qc6 45. Rc8 (45. Rb8 $18 Qa6 46. Bc1) 45... Qa6 46. Bc1 Qe2 47. g4 Qa6 48. Bf4 (48. Bd2 $142 Qd6 49. Be3) 48... Qb7 49. Bg3 (49. Kh2 $18 Qe7 50. Bg3) 49... Qf7 50. Kh2 Qe7 51. Rb8 Qf7 52. Bc8 $2 (52. e5 Qa7 53. Rc8) 52... Kh7 $2 (52... Qe7 53. Bf5 Qf7) 53. Bf5+ (53. Rb7 $18 Qf6 54. Bf5+ Kh8 55. e5) 53... Kh8 54. e5 Qe7 55. e6 Qc5 56. Bb1 Qe7 57. Ba2 (57. Bc2 $142 Qa7 {[#]} 58. e7 $1 {[%mdl 512]} Qxb8 59. Bxb8 Nxe7 60. Bb3 Nc8 61. Be6 Ne7 62. Bd6) 57... Kh7 58. Bb3 Kh8 59. Kh3 Kh7 60. Bc2+ Kh8 61. f3 Qxe6 {[#]} 62. Bb3 $1 {White mates.} Qe2 63. Bxg8 Qf1+ 64. Kh2 Qe2+ 65. Kg1 Qe5 66. Bd5+ {Accuracy: White = 59%, Black = 30%.} 1-0

[Event "Fall Chess Classic-B 2019"]
[Site "Saint Louis"]
[Date "2019.09.10"]
[Round "1.4"]
[White "Hakobyan, Aram"]
[Black "Mikhalevski, Victor"]
[Result "1-0"]
[WhiteElo "2550"]
[BlackElo "2578"]
[Annotator "TA"]
[PlyCount "55"]
[EventDate "2019.09.10"]
[EventType "tourn"]
[EventCountry "USA"]
[SourceTitle "playchess.com"]
[Source "ChessBase"]
[SourceQuality "1"]

{[%evp 9,55,0,13,10,10,0,7,8,20,5,20,20,25,15,13,20,32,32,32,25,64,0,50,37,72,72,73,84,72,72,70,72,75,68,64,48,60,52,86,63,91,62,63,10,34,16,807,797]} 1. d4 Nf6 2. c4 g6 3. Nc3 d5 4. Nf3 Bg7 5. h4 (5. Qb3 dxc4 6. Qxc4 O-O 7. e4 Nc6 8. h3 Nd7 9. Be3 Nb6 10. Qc5 a5 11. Rc1 Nd7 12. Qa3 e5 13. d5 Nd4 14. Nb5 c5 15. dxc6 Nxc6 16. Be2 {1-0 (34) Carlsen,M (2882)-Vachier Lagrave,M (2778) Saint Louis 2019}) 5... c6 6. cxd5 {D90: Grünfeld: 4 Nf3 Bg7 sidelines} cxd5 7. Bf4 Nc6 8. e3 {The position is equal.} O-O 9. Qb3 b6 10. Rc1 Bb7 11. Be2 e6 12. Qa3 $146 ({Predecessor:} 12. O-O Ne4 {1-0 (32) Chandra,A (2471)-Gabuzyan,H (2592) Saint Louis 2018}) 12... Ne4 13. O-O Re8 14. Nb5 Re7 15. Rc2 ({Better is} 15. Nd6 $14 Nxd6 16. Bxd6) 15... a6 (15... Rd7 $5 {[%cal Ra7a6]}) 16. Nd6 Nxd6 17. Bxd6 {aiming for Rxc6.} Rd7 18. Bf4 Bf8 19. Qb3 Na5 20. Qd3 f6 21. Rfc1 Nc4 22. Nd2 Nd6 23. Bg4 Kf7 24. h5 Rc8 25. hxg6+ hxg6 26. Nf3 (26. Rxc8 $14 Nxc8 27. Nf3) 26... Rxc2 $11 27. Qxc2 Qc8 $2 {[%mdl 8192] [#]} (27... Qe8 $11) 28. Ne5+ $1 {[%mdl 512] Accuracy: White = 59%, Black = 46%.} 1-0

[Event "Fall Chess Classic-B 2019"]
[Site "Saint Louis"]
[Date "2019.09.10"]
[Round "1.5"]
[White "Quesada Perez, Yuniesky"]
[Black "Kadric, Denis"]
[Result "*"]
[WhiteElo "2615"]
[BlackElo "2558"]
[Annotator "TA"]
[PlyCount "11"]
[EventDate "2019.09.10"]
[EventType "tourn"]
[EventCountry "USA"]
[SourceTitle "playchess.com"]
[Source "ChessBase"]
[SourceQuality "1"]

{[%evp 9,11,-3,4,11]} 1. e4 d6 2. f4 Nf6 3. Nc3 g6 4. Nf3 Bg7 5. h3 (5. g3 O-O 6. Bg2 c5 7. d3 Nc6 8. O-O e5 9. f5 Nd4 10. Bg5 h6 11. Bxf6 Bxf6 12. fxg6 fxg6 13. Nd5 Be6 14. Nd2 Bxd5 15. exd5 Nf5 16. Qe2 {1-0 (52) Muzychuk,A (2582)-Tan,Z (2517) Huaian 2017}) 5... O-O 6. g4 $146 {B07: Pirc Defence: Miscellaneous Systems} ({Predecessor:} 6. Bc4 Nxe4 7. Nxe4 d5 8. Bb3 dxe4 9. Ng5 e5 10. O-O exf4 11. Nxf7 {0-1 (32) Vujic,N-Lalic,D (1849) Senta 2016}) *

[Event "Fall Chess Classic-B 2019"]
[Site "Saint Louis"]
[Date "2019.09.10"]
[Round "1.5"]
[White "Quesada Perez, Yasser"]
[Black "Kadric, Denis"]
[Result "1-0"]
[WhiteElo "2572"]
[BlackElo "2558"]
[Annotator "TA"]
[PlyCount "95"]
[EventDate "2019.09.10"]
[EventType "tourn"]
[EventCountry "USA"]
[SourceTitle "playchess.com"]
[Source "ChessBase"]
[SourceQuality "1"]

{[%evp 9,95,1,1,5,18,18,21,20,35,35,25,31,60,56,53,14,20,8,32,39,31,52,41,34,45,21,70,70,72,83,81,84,88,85,160,154,177,178,162,93,198,154,230,231,192,235,237,230,211,181,192,197,194,187,190,170,255,271,260,203,291,200,192,192,201,188,186,187,460,457,466,459,606,560,853,863,838,836,791,795,786,776,786,618,780,767,1481,1402]} 1. e4 d6 2. f4 Nf6 3. Nc3 g6 4. Nf3 Bg7 5. h3 (5. g3 O-O 6. Bg2 c5 7. d3 Nc6 8. O-O e5 9. f5 Nd4 10. Bg5 h6 11. Bxf6 Bxf6 12. fxg6 fxg6 13. Nd5 Be6 14. Nd2 Bxd5 15. exd5 Nf5 16. Qe2 {1-0 (52) Muzychuk,A (2582)-Tan,Z (2517) Huaian 2017}) 5... O-O 6. g4 $146 {B07: Pirc Defence: Miscellaneous Systems} ({Predecessor:} 6. Bc4 Nxe4 7. Nxe4 d5 8. Bb3 dxe4 9. Ng5 e5 10. O-O exf4 11. Nxf7 {0-1 (32) Vujic,N-Lalic,D (1849) Senta 2016}) 6... e5 7. f5 d5 8. d3 {The position is equal.} dxe4 9. dxe4 Qxd1+ 10. Kxd1 c6 11. Bd3 Re8 12. Nh4 Nbd7 13. Be3 b5 14. a4 b4 15. Nb1 {[%cal Bc3b1,Bb1d2,Bd2b3,Bb3c5][%mdl 32]} Bf8 16. Nd2 Bc5 17. Ke2 Kg7 18. Nb3 $36 {[%mdl 2048] White is pushing.} Bxe3 19. Kxe3 a5 20. Rhd1 Nb6 21. Be2 Ba6 (21... gxf5 $142 22. gxf5 (22. Nxf5+ Bxf5 23. gxf5 Rec8 $14) 22... Ba6) 22. Bxa6 $16 Rxa6 23. Nc5 Ra7 24. b3 (24. g5 $18 Nfd7 25. Nxd7 Nxd7 26. Rd6) 24... Rc8 (24... Nfd5+ $16 {might work better.} 25. exd5 cxd5) 25. Rd6 Nfd7 {[#]} (25... g5 $16) 26. Nxd7 $1 $18 Rxd7 27. Rxd7 Nxd7 {[%mdl 4096] Endgame KRN-KRN} 28. Rd1 Rc7 29. Nf3 Kf6 30. g5+ Ke7 31. h4 Rc8 32. h5 Rg8 (32... Rh8 $142 33. fxg6 hxg6) 33. hxg6 hxg6 34. Rh1 Kd6 (34... Ke8 $142 35. fxg6 {[%mdl 64] Overworked Piece} Rxg6 36. Rh8+ Nf8 37. Nxe5 Rxg5 38. Nxc6 Rc5) 35. Rh7 Ke7 36. Rh6 Kd8 37. fxg6 Rxg6 38. Rh8+ Kc7 $2 (38... Ke7 {is a better defense.} 39. Ra8 Rg7 40. Rxa5 Kd6) 39. Rh7 {White is clearly winning.} Kd6 40. Rxf7 Rg8 {[#]} 41. g6 $1 {[%mdl 512]} c5 (41... Rxg6 42. Rxd7+) 42. Nh4 Ke6 43. Nf5 Nf8 44. Ng7+ Kd6 45. Ne8+ Ke6 46. Nc7+ Kd6 47. g7 {White threatens Nb5+ and mate.} Nh7 48. Nd5 {Accuracy: White = 90%, Black = 34%.} 1-0

[Event "Fall Chess Classic-B 2019"]
[Site "Saint Louis"]
[Date "2019.09.11"]
[Round "2.1"]
[White "Zierk, Steven"]
[Black "Kadric, Denis"]
[Result "1/2-1/2"]
[WhiteElo "2517"]
[BlackElo "2558"]
[Annotator "TA"]
[PlyCount "115"]
[EventDate "2019.09.10"]
[EventType "tourn"]
[EventCountry "USA"]
[SourceTitle "playchess.com"]
[Source "ChessBase"]
[SourceQuality "1"]

{[%evp 10,115,45,38,57,37,33,35,18,19,25,19,21,15,27,7,11,5,14,0,0,0,4,-16,-3,-6,0,-6,0,0,0,0,0,0,0,0,0,-5,-9,-12,-12,-13,0,0,0,0,0,0,0,0,-4,-8,0,0,0,0,0,-11,-6,-14,0,-18,0,-23,0,-17,0,0,0,0,0,0,0,0,0,0,0,0,0,0,0,0,0,0,0,0,0,0,0,0,0,0,0,0,0,0,8,8,8,8,77,77,83,25,27,41,81,0]} 1. e4 d6 2. d4 Nf6 3. Nc3 e5 4. dxe5 dxe5 5. Qxd8+ Kxd8 6. Bc4 Ke8 {B07: Pirc Defence: Miscellaneous Systems} 7. f3 ({Predecessor:} 7. Nge2 c6 8. a4 a5 9. f3 Na6 {1-0 (69) Vaisser,A (2571)-Degraeve,J (2541) Aix les Bains 2003}) 7... c6 8. a4 $146 (8. Nge2 Bc5 9. Bd2 Nbd7 10. a4 a5 11. Nc1 Ke7 12. Nd3 Bd6 13. Be3 Nf8 14. Nb1 {1-0 (90) Yu,Y (2739)-Rapport,R (2736) Hengshui 2019}) 8... a5 {White is slightly better.} 9. Be3 Na6 10. Nge2 Bc5 11. Nd1 {[%cal Bc3d1,Bd1e3,Be3c4][%mdl 32]} Nd7 12. Nc1 Bxe3 13. Nxe3 Nac5 14. Nd3 Nxd3+ 15. Bxd3 Nc5 16. Nc4 f6 17. Nb6 Rb8 18. Bc4 Kd8 19. c3 Kc7 20. Nxc8 Rhxc8 21. Kd2 Rd8+ 22. Kc2 Ra8 23. h4 Rd6 24. Rhd1 Rxd1 25. Kxd1 $11 {[%mdl 4096] Endgame KRB-KRN} b6 26. Kc2 Rf8 27. b4 Nb7 28. Rd1 Nd6 29. Be6 Re8 30. Bh3 Re7 31. g3 g6 32. Re1 Re8 33. Rd1 h6 34. Re1 Re7 35. Bg4 Re8 (35... h5 $5 36. Bh3 $8 Re8 $11) 36. Re2 c5 (36... h5 $5 37. Bh3 $8 Ra8 $11) 37. Re1 Kc6 38. bxa5 bxa5 (38... h5 $5 39. Bh3 $8 bxa5 $11) 39. Bh3 Re7 40. Bf1 Kc7 41. Kb3 Re8 42. Kc2 Rg8 43. Bh3 Re8 44. Bf1 Kc6 45. Rb1 {next Bb5+ is good for White.} c4 46. Kd2 f5 47. Ke3 g5 48. hxg5 hxg5 49. exf5 Nxf5+ {[%mdl 64] Double Attack} 50. Kf2 Nd6 51. Re1 Kc5 52. Bg2 Re7 53. f4 gxf4 54. gxf4 e4 {[#]} (54... Nc8 $11 {keeps the balance.}) 55. Rh1 $1 $16 Rf7 56. Rh5+ (56. Rh4 $16) 56... Kb6 $1 $11 57. Rh6 Kc5 {[#]} 58. Rh5+ {Accuracy: White = 56%, Black = 55%.} ({Better is} 58. Rh4 $1 $16) 1/2-1/2

[Event "Fall Chess Classic-B 2019"]
[Site "Saint Louis"]
[Date "2019.09.11"]
[Round "2.2"]
[White "Mikhalevski, Victor"]
[Black "Quesada Perez, Yasser"]
[Result "1/2-1/2"]
[WhiteElo "2578"]
[BlackElo "2572"]
[Annotator "TA"]
[PlyCount "64"]
[EventDate "2019.09.10"]
[EventType "tourn"]
[EventCountry "USA"]
[SourceTitle "playchess.com"]
[Source "ChessBase"]
[SourceQuality "1"]

{[%evp 9,64,18,11,10,6,14,7,0,18,29,34,21,52,25,21,19,25,15,25,26,29,13,42,50,44,32,39,14,47,14,25,0,7,0,-13,-5,0,-12,-8,-13,0,-31,-13,-22,0,0,0,0,0,0,0,0,0,0,0,0,0]} 1. Nf3 d5 2. g3 Bf5 3. Bg2 e6 4. c4 c6 5. Qb3 Qb6 (5... Qc7 6. d4 Nd7 7. Nc3 Ngf6 8. Bf4 Qb6 9. c5 Qa6 10. Nh4 Bg6 11. Nxg6 hxg6 12. O-O {0-1 (54) Eljanov,P (2680)-Caruana,F (2828) chess.com INT 2019}) 6. d3 {A07: Réti Opening: New York and Capablanca Systems} Nd7 7. O-O Ngf6 8. cxd5 Qxb3 9. axb3 {[#] Hoping for dxc6.} exd5 10. Bd2 Bd6 11. Bc3 $146 ({Predecessor:} 11. b4 O-O 12. Nd4 Bg6 13. b5 c5 14. Nb3 Rfe8 {1-0 (41) Marcu,V (2022)-Borowiec,J (2296) ICCF email 2015}) 11... O-O 12. b4 Rfe8 13. Re1 a6 14. Nbd2 Bg6 15. Nb3 Rab8 16. Nh4 Bc7 17. h3 Re7 18. f4 Rbe8 19. Kf2 h6 20. Nxg6 fxg6 21. Bf3 g5 22. e3 Bb6 {[%cal Rb6e3]} 23. Bd4 Bxd4 24. Nxd4 g6 25. Rac1 Nb6 26. Bg2 {The position is equal.} g4 27. Re2 Nc8 28. Rce1 Nd6 29. hxg4 Nxg4+ 30. Kf3 Nh2+ 31. Kf2 Ng4+ 32. Kf3 Nh2+ {Accuracy: White = 61%, Black = 33%.} 1/2-1/2

[Event "Fall Chess Classic-B 2019"]
[Site "Saint Louis"]
[Date "2019.09.11"]
[Round "2.3"]
[White "Hambleton, Aman"]
[Black "Hakobyan, Aram"]
[Result "1/2-1/2"]
[WhiteElo "2492"]
[BlackElo "2550"]
[Annotator "TA"]
[PlyCount "60"]
[EventDate "2019.09.10"]
[EventType "tourn"]
[EventCountry "USA"]
[SourceTitle "playchess.com"]
[Source "ChessBase"]
[SourceQuality "1"]

{[%evp 9,60,-6,-6,-18,-9,-10,-4,-6,-8,-16,-15,-12,-12,-23,-3,-9,0,-10,-11,-7,-3,-3,-3,-8,0,-16,-16,-27,-12,-47,-47,-64,-64,-64,-64,-78,-74,-79,-50,-60,-46,-60,-45,-50,-36,-45,-21,-56,0,0,0,0,0]} 1. c4 Nf6 2. Nc3 e6 3. e4 e5 4. g3 (4. Nf3 Nc6 5. Be2 Bb4 6. Nd5 Bc5 7. d3 h6 8. a3 d6 9. b4 Bb6 10. Nxb6 axb6 11. Bb2 O-O 12. O-O Re8 {½-½ (40) Delchev,A (2598)-Papaioannou,I (2632) Porto Rio 2015}) 4... Bc5 5. Bg2 d6 6. h3 {A18: English Opening: Flohr-Mikenas System (1 c4 Nf6 2 Nc3 e6 3 e4)} Nc6 7. Nge2 a6 8. d3 {[#]} b5 $1 {[%mdl 512]} 9. O-O $146 (9. cxb5 axb5) ({Predecessor:} 9. b3 Nd4 10. Be3 c6 11. Bxd4 exd4 12. Nb1 bxc4 13. bxc4 Rb8 14. O-O {1-0 (35) Tahbaz,A (2455)-Javanbakht,N (2436) Bushehr 2018}) 9... bxc4 10. dxc4 O-O 11. Kh2 Nd4 12. Be3 {[%cal Re2d4]} Ne6 13. Qd2 Rb8 14. b3 Bxe3 15. Qxe3 c5 16. f4 Nd4 17. Qd3 Bb7 18. f5 Nd7 19. Nb1 Bc6 20. Nd2 a5 21. a4 Rb4 22. Rae1 Qf6 23. Nc1 Rfb8 24. Bf3 g6 {[%cal Rg6f5]} 25. g4 Qg5 26. Bd1 Nf6 {Hoping for ...Nxe4!} 27. Qe3 Qh4 {...Nc2! is the strong threat.} 28. Qf2 Qh6 (28... Qxf2+ $15 29. Rxf2 g5) 29. fxg6 $11 fxg6 30. Qxf6 {[#] Threatens to win with g5.} Qxd2+ {[%mdl 64] Double Attack. Accuracy: White = 52%, Black = 64%.} 1/2-1/2

[Event "Fall Chess Classic-B 2019"]
[Site "Saint Louis"]
[Date "2019.09.11"]
[Round "2.4"]
[White "Fier, Alexandr"]
[Black "Shtembuliak, Evgeny"]
[Result "0-1"]
[WhiteElo "2549"]
[BlackElo "2548"]
[Annotator "TA"]
[PlyCount "114"]
[EventDate "2019.09.10"]
[EventType "tourn"]
[EventCountry "USA"]
[SourceTitle "playchess.com"]
[Source "ChessBase"]
[SourceQuality "1"]

{[%evp 16,114,14,0,15,18,22,16,18,0,10,0,0,0,0,0,0,0,0,-6,0,0,0,0,12,-35,-26,-52,-60,-57,-57,-55,-70,-75,-97,-130,-125,-115,-115,-136,-91,-89,-86,-97,-65,-61,-65,-181,-120,-160,-176,-199,-211,-234,-189,-170,-176,-174,-180,-228,-223,-226,-220,-229,-224,-215,-224,-232,-232,-254,-243,-282,-282,-262,-236,-293,-298,-306,-306,-495,-500,-452,-486,-478,-324,-421,-397,-420,-425,-409,-400,-853,-827,-952,-916,-1401,-1359,-1531,-1416,-2172,-1759]} 1. c4 g6 2. Nc3 Bg7 3. g3 Nf6 4. Bg2 O-O 5. e4 c5 6. Nge2 Nc6 7. d3 d6 8. O-O a6 9. a4 Bg4 {A36: Symmetrical English vs ...g6: 4 Bg2 Bg7} 10. f3 Bd7 11. Be3 Rc8 {The position is equal.} (11... Rb8 12. d4 cxd4 13. Nxd4 Nxd4 14. Bxd4 Qa5 15. Rf2 Rfc8 16. Bf1 Be6 {½-½ (46) Zhou,J (2607)-Ding,L (2707) Danzhou 2013}) 12. h3 $146 ({Predecessor:} 12. Rb1 Ne8 13. b3 Nd4 14. b4 b6 15. h3 Nc7 16. f4 Nce6 17. f5 Nxe2+ 18. Nxe2 {1-0 (51) Ehlvest,J (2579)-Sepp,O (2442) Tallinn 2014}) 12... Ne8 13. f4 Nd4 14. Bf2 Nxe2+ 15. Qxe2 Nc7 16. a5 Ne6 17. e5 Bc6 18. Nd5 Bxd5 19. Bxd5 Qd7 20. h4 Nd8 21. Rab1 e6 22. Bg2 dxe5 $1 23. fxe5 Qc7 24. Rfe1 Qxa5 25. b4 cxb4 26. Qb2 Qc7 27. d4 Nc6 ({Avoid the trap} 27... Qxc4 $2 28. Rec1 $18) 28. Bxc6 Qxc6 29. Qxb4 b6 30. Qxb6 Qxc4 31. Qb3 (31. Rb4 $15 Qa2 32. Rb2) 31... Bh6 (31... a5 $1 $19 32. Qa3 Qd5) 32. Qxc4 Rxc4 33. Rb7 Ra8 $1 34. Reb1 Rc1+ 35. Rxc1 Bxc1 $19 {[%mdl 4096] Endgame KRB-KRB} 36. Rb1 Bd2 37. Rb2 Bc3 38. Rb3 Rc8 39. Kf1 a5 $1 40. Ke2 Bb4 41. Kd3 h5 42. Rb2 Kf8 43. Ke4 Ke8 44. Be3 Rc7 45. Rb1 Kd7 46. Rf1 Kc6 47. Rf6 $2 (47. Rc1+ Kb7 48. Rf1) 47... Kb5 48. d5 {[#]} exd5+ $1 49. Kxd5 Rd7+ 50. Ke4 a4 {[%cal Ba5a4,Ba4a3][%mdl 32]} 51. Rb6+ Kc4 52. Rc6+ Kb3 53. Rb6 {[#]} (53. Bc1 $142) 53... Rc7 $1 {Black is clearly winning.} 54. Bd4 a3 55. e6 fxe6 56. Be5 Rc5 57. Bh8 {[#]} e5 $1 {Accuracy: White = 33%, Black = 86%.} 0-1